Conjeturas y refutaciones : (Registro nro. 20679)

Detalles MARC
000 -LEADER
fixed length control field 01250nam a2200325 4500
001 - CONTROL NUMBER
control field 0000016944
003 - CONTROL NUMBER IDENTIFIER
control field CO-CtgCURN
005 - DATE AND TIME OF LATEST TRANSACTION
control field 20260311191304.0
007 - PHYSICAL DESCRIPTION FIXED FIELD--GENERAL INFORMATION
fixed length control field ta
008 - FIXED-LENGTH DATA ELEMENTS--GENERAL INFORMATION
fixed length control field 160627s1994 000 0 eng d
020 ## - INTERNATIONAL STANDARD BOOK NUMBER
International Standard Book Number 8475091466
040 ## - CATALOGING SOURCE
Original cataloging agency CO-CtgCURN
Language of cataloging spa
Transcribing agency coctgcurn
082 0# - DEWEY DECIMAL CLASSIFICATION NUMBER
Classification number 501
Item number P66c
100 1# - MAIN ENTRY--PERSONAL NAME
Personal name Popper, Karl R.
245 10 - TITLE STATEMENT
Title Conjeturas y refutaciones :
Remainder of title el desarrollo del conocimiento cientifico /
Statement of responsibility, etc. Karl R. Popper , Nestor Miguez.
260 ## - PUBLICATION, DISTRIBUTION, ETC.
Place of publication, distribution, etc. Madrid :
Name of publisher, distributor, etc. Ediciones Paidos,
Date of publication, distribution, etc. 1994.
300 ## - PHYSICAL DESCRIPTION
Extent 513 p.
336 ## - CONTENT TYPE
Source rdacontent
337 ## - MEDIA TYPE
Source rdamedia
Media type term sin mediacion
Media type code n
338 ## - CARRIER TYPE
Source rdacarrier
Carrier type term volumen
Carrier type code nc
500 ## - GENERAL NOTE
General note Incluye indice.
505 8# - FORMATTED CONTENTS NOTE
Formatted contents note Ciencia.--Refutaciones.--Utopia y violencia.--Humanismo y razon.--Filosofia de la ciencia.--Teoria del conocimiento.--La historia de nuestro tiempo una vision optimista.--Lenguajes artificiales versus lenguajes formalizados
590 ## - LOCAL NOTE (RLIN)
Local note Epistemología de la Investigación (Enfermería)
590 ## - LOCAL NOTE (RLIN)
Local note Epistemología de la Investigación (Odontología)
650 14 - SUBJECT ADDED ENTRY--TOPICAL TERM
Topical term or geographic name entry element Filosofia de la ciencia.
700 1# - ADDED ENTRY--PERSONAL NAME
Personal name Miguez, Nestor A.
908 ## - PUT COMMAND PARAMETER (RLIN)
Put command parameter 160627
942 ## - ADDED ENTRY ELEMENTS (KOHA)
Koha item type Libros
Classification part 501
Item part P66c
Source of classification or shelving scheme Dewey Decimal Classification
Existencias
Withdrawn status Lost status Source of classification or shelving scheme Damaged status Not for loan Collection Home library Current library Shelving location Date acquired Inventory number Total checkouts Full call number Barcode Date last seen Price effective from Koha item type Public note
    Dewey Decimal Classification     General Miguel Henríquez Castañeda Miguel Henríquez Castañeda General 03/31/2025 007146   501 P66c 007146 03/31/2025 03/31/2025 Libros 500-CIENNA